UBT Library

PHILOSOPHICAL AND THEORITICAL PERSPECTIVES (Record no. 3551)

000 -LEADER
fixed length control field 00277nam a22001097a 4500
008 - FIXED-LENGTH DATA ELEMENTS--GENERAL INFORMATION
fixed length control field 170124b xxu||||| |||| 00| 0 eng d
020 ## - INTERNATIONAL STANDARD BOOK NUMBER
International Standard Book Number 9780763740306
041 ## - LANGUAGE CODE
Language code of text/sound track or separate title eng
080 ## - UNIVERSAL DECIMAL CLASSIFICATION NUMBER
Edition identifier 4TH
Universal Decimal Classification number 618.2
245 ## - TITLE STATEMENT
Title PHILOSOPHICAL AND THEORITICAL PERSPECTIVES
Statement of responsibility, etc CODY, W.K
942 ## - ADDED ENTRY ELEMENTS (KOHA)
Source of classification or shelving scheme
Item type Books
Holdings
Withdrawn status Lost status Source of classification or shelving scheme Damaged status Not for loan Collection code Permanent location Current location Shelving location Date acquired Total Checkouts Full call number Barcode Date last seen Price effective from Koha item type
          Koleksioni i përgjithshem UBT - Lipjan UBT - Lipjan Koleksioni i përgjithshem 01/24/2017   618.2 COD 002-030138 01/24/2017 01/24/2017 Books
UBT Library © 2015-2024. All rights reserved University Education for Business and Technology